[Event "It (open)"]
[Site "masterchessopen.com – Villa Ballester (Argentina)"]
[Round "7"]
[White "Samur Arturo (ARG)"]
[Black "Recoulat Eduardo J (ARG)"]
[Result "0-1"]
[WhiteElo "2164"]
[BlackElo "2185"]

1.d4 Nf6 2.c4 g6 3.Nc3 d5 4.Nf3 Bg7 5.Qb3 dxc4 6.Qxc4 O-O 7.e4 Na6 8.Qa4 c5
9.d5 Bd7 10.Qb3 Qa5 11.Bd2 Qb4 12.Qc2 Qb6 13.Be2 e6 14.O-O exd5 15.exd5 Bf5
16.Qd1 Qxb2 17.Na4 Qa3 18.Nc3 Nb4 19.Nb5 Qb2 20.d6 Nfd5 21.Rc1 Bc2 22.Rxc2
Qxc2 23.Nc7 Nxc7 24.dxc7 Qxa2 25.Bf4 Nd5 26.Qd2 Qxd2 27.Bxd2 Nxc7 {#R} 0-1

[Event "It (open)"]
[Site "masterchessopen.com – Bethune (France)"]
[Round "5"]
[White "Lazarev Vladimir (FRA)"]
[Black "Burgnies Stephane (FRA)"]
[Result "1-0"]
[WhiteElo "2500"]
[BlackElo "2105"]

1.d4 Nf6 2.c4 g6 3.Nc3 d5 4.Nf3 Bg7 5.Qb3 dxc4 6.Qxc4 O-O 7.e4 Na6 8.Be2 c5
9.d5 e6 10.Bg5 h6 11.Bxf6 Bxf6 12.e5 exd5 13.Nxd5 Bg7 14.O-O-O Be6 15.Nf6+
Bxf6 16.Rxd8 Bxd8 17.Qf4 Kg7 18.Bc4 Nb4 19.Rd1 Re8 20.Bxe6 Rxe6 21.Rd7 Be7
22.a3 Nc6 23.Rxb7 Nxe5 24.Kb1 Nc6 25.h4 Rd8 26.h5 Rd1+ 27.Ka2 Rd5 28.hxg6 fxg6
29.Qc4 Red6 30.Rc7 Rf5 31.Qe4 {#r} 1-0

[Event "It (open)"]
[Site "masterchessopen.com – Copenhagen (Denmark)"]
[Round "0"]
[White "Richardson John R (ENG)"]
[Black "Brinck-Claussen Bjorn (DEN)"]
[Result "1-0"]
[WhiteElo "2260"]
[BlackElo "2345"]

1.d4 Nf6 2.c4 g6 3.Nc3 d5 4.Nf3 Bg7 5.Qb3 dxc4 6.Qxc4 O-O 7.e4 Na6 8.Be2 c5
9.d5 e6 10.O-O exd5 11.exd5 Re8 12.Rd1 Qb6 13.d6 Be6 14.Qb5 Bd7 15.Qxb6 axb6
16.Bc4 h6 17.Bf4 Ne4 18.Nd5 b5 19.Ne7+ Kf8 20.Bd5 g5 21.Ne5 Bxe5 22.Bxe5 f6
23.Bxe4 fxe5 24.Bxb7 Ra7 25.Be4 Nb8 26.Rd5 Nc6 27.Ng6+ Kg7 28.Rxc5 Ra4 29.Bxc6
{#r} 1-0

[Event "It (open)"]
[Site "masterchessopen.com – Ljubljana (Slovenia)"]
[Round "5"]
[White "Kragelj Igor (SLO)"]
[Black "Tavcar Rado (SLO)"]
[Result "1-0"]
[WhiteElo "2285"]
[BlackElo "1999"]

1.d4 Nf6 2.c4 g6 3.Nc3 d5 4.Nf3 Bg7 5.Qb3 dxc4 6.Qxc4 O-O 7.e4 Na6 8.Qa4 c5
9.d5 Nc7 10.Be3 b6 11.Rd1 a6 12.Be2 b5 13.Qc2 Nd7 14.Bg5 f6 15.Bf4 e5 16.dxe6
Nxe6 17.Bd6 Re8 18.O-O Bb7 19.a4 b4 20.Nd5 Nb6 21.Bc7 Nxc7 22.Nxb6 Qe7 23.Rd7
Bxe4 24.Qb3+ Qe6 25.Bc4 Nd5 26.Rxd5 {#r} 1-0

[Event "Ch Ukraine (team)"]
[Site "masterchessopen.com – Alushta (Ukraine)"]
[Round "0"]
[White "Cherniakhovsky Petr (UKR)"]
[Black "Sevostianov Pavel (RUS)"]
[Result "0-1"]
[WhiteElo "2252"]
[BlackElo "2365"]

1.d4 Nf6 2.c4 g6 3.Nc3 d5 4.Nf3 Bg7 5.Qb3 dxc4 6.Qxc4 O-O 7.e4 Na6 8.Be2 c5
9.d5 e6 10.O-O exd5 11.exd5 Bf5 12.Be3 Re8 13.Rfd1 Ne4 14.d6 Nxc3 15.bxc3 Be6
16.Qb5 Rb8 17.d7 Re7 18.Bg5 Bxc3 19.Bxe7 Qxe7 20.Rac1 Bf6 21.Bc4 Nc7 22.Qa5 b6
23.Qxa7 Qd8 24.Bxe6 Nxe6 25.Rd6 b5 26.Rcd1 Ra8 27.Qb7 b4 28.Rc6 Kg7 29.Rd2 Ra3
30.h4 Qe7 31.Re2 Rd3 32.Rexe6 fxe6 {#R} 0-1

[Event "It (b)"]
[Site "masterchessopen.com – Bucharest (Romania)"]
[Round "0"]
[White "Dinu George Daniel (ROM)"]
[Black "Jevtic Miodrag (SRB)"]
[Result "0-1"]
[WhiteElo "2206"]
[BlackElo "2350"]

1.d4 Nf6 2.c4 g6 3.Nc3 d5 4.Nf3 Bg7 5.Qb3 dxc4 6.Qxc4 O-O 7.e4 Na6 8.Be2 c5
9.d5 e6 10.O-O exd5 11.exd5 Re8 12.Bg5 h6 13.Bxf6 Qxf6 14.Rad1 Bd7 15.Rd2 h5
16.Bd1 Bh6 17.Re2 Rxe2 18.Bxe2 Re8 19.Re1 Qb6 20.Bf1 Rxe1 21.Nxe1 Qxb2 22.Nd3
Qc2 23.Ne5 Bf5 24.d6 Be6 25.Nd5 Qd1 26.Ne7+ Kh7 27.Qb5 Qxd6 28.Qe8 Kg7
29.N5xg6 Kf6 30.Qh8+ Bg7 31.Qxh5 fxg6 32.Qxg6+ Kxe7 {#R} 0-1

[Event "It (cat.7)"]
[Site "masterchessopen.com – Hampstead (England)"]
[Round "11"]
[White "Sasikiran Krishnan (IND)"]
[Black "Aagaard Jacob (SCO)"]
[Result "1-0"]
[WhiteElo "2470"]
[BlackElo "2420"]

1.d4 Nf6 2.c4 g6 3.Nc3 d5 4.Nf3 Bg7 5.Qb3 dxc4 6.Qxc4 O-O 7.e4 Na6 8.Be2 c5
9.d5 e6 10.O-O exd5 11.exd5 Bf5 12.Bf4 Qb6 13.d6 Qxb2 14.Rab1 Bxb1 15.Rxb1 Qa3
16.Rb3 Qa5 17.Rb5 Qd8 18.Rxb7 Nb8 19.Ne5 Nfd7 20.Nxf7 Rxf7 21.Ne4 h6 22.Qd5 g5
23.Bc4 Qe8 24.Bg3 a5 25.Qxf7+ Qxf7 26.Bxf7+ Kxf7 27.Nxc5 {#r} 1-0

[Event "Cup Israel (final)"]
[Site "masterchessopen.com – Israel"]
[Round "4"]
[White "Gershon Alik (ISR)"]
[Black "Liss Eran (ISR)"]
[Result "1-0"]
[WhiteElo "2460"]
[BlackElo "2505"]

1.d4 Nf6 2.c4 g6 3.Nc3 d5 4.Nf3 Bg7 5.Qb3 dxc4 6.Qxc4 O-O 7.e4 Na6 8.Be2 c5
9.d5 e6 10.O-O exd5 11.exd5 Re8 12.Bf4 Bf5 13.Rad1 Nd7 14.Rfe1 Nb4 15.Bf1 Rxe1
16.Rxe1 a6 17.a4 Rc8 18.Bg5 Nf6 19.Ne5 Rc7 20.Qh4 Qd6 21.Nc4 Qd8 22.d6 Rd7
23.a5 Rxd6 24.Nxd6 Qxd6 25.Rd1 Qc7 26.Bxf6 {#r} 1-0

[Event "Ukrainian Games"]
[Site "masterchessopen.com – Alushta (Ukraine)"]
[Round "0"]
[White "Goloshchapov Alexander (UKR)"]
[Black "Khaetsky Roman (UKR)"]
[Result "1-0"]
[WhiteElo "2519"]
[BlackElo "2305"]

1.d4 Nf6 2.c4 g6 3.Nc3 d5 4.Nf3 Bg7 5.Qb3 dxc4 6.Qxc4 O-O 7.e4 Na6 8.Be2 c5
9.d5 e6 10.O-O exd5 11.exd5 Re8 12.Bf4 Bf5 13.Rad1 Ne4 14.Nb5 Bxb2 15.d6 Bd7
16.Qb3 Qf6 17.Be3 Be5 18.Nxe5 Qxe5 19.Bc4 Qf6 20.f3 Bxb5 21.fxe4 Bxc4 22.Qxc4
Qe6 23.Qxe6 fxe6 24.d7 Red8 25.Rf6 b6 26.Rxe6 Kf7 27.Red6 Nb4 28.e5 {#r} 1-0

[Event "Ch Europe (team)"]
[Site "masterchessopen.com – Batumi (Georgia)"]
[Round "4"]
[White "Muir Andrew J (SCO)"]
[Black "Atalik Suat (BIH)"]
[Result "0-1"]
[WhiteElo "2318"]
[BlackElo "2598"]

1.d4 Nf6 2.c4 g6 3.Nc3 d5 4.Nf3 Bg7 5.Qb3 dxc4 6.Qxc4 O-O 7.e4 Na6 8.Be2 c5
9.d5 e6 10.O-O exd5 11.exd5 Bf5 12.Rd1 Qb6 13.Bf4 Qxb2 14.Ne5 Nd7 15.Nxd7 Bxd7
16.Rac1 Bxc3 17.Qxc3 Qxe2 18.Bh6 f6 19.Re1 Qxa2 20.Bxf8 Rxf8 21.d6 Rf7 22.Rc2
Qa4 23.Rce2 Nb4 24.h3 b6 25.Qd2 Nc6 26.Qh6 Nd4 27.Re4 Qc6 28.Qf4 Nf5 29.Rd1 a5
30.Qg4 Ne3 31.Rxe3 Bxg4 32.hxg4 Rd7 {#R} 0-1

[Event "It (cat.2) (b)"]
[Site "masterchessopen.com – Budapest (Hungary)"]
[Round "6"]
[White "Jamrich Gyorgy (HUN)"]
[Black "Dolgener Tobias (GER)"]
[Result "1-0"]
[WhiteElo "2189"]
[BlackElo "2260"]

1.d4 Nf6 2.c4 g6 3.Nf3 Bg7 4.Nc3 d5 5.Qb3 dxc4 6.Qxc4 O-O 7.e4 Na6 8.Be2 c5
9.d5 e6 10.O-O exd5 11.exd5 Re8 12.Rd1 Bf5 13.d6 Ne4 14.Nb5 Qb6 15.Bg5 Nxg5
16.Nxg5 h6 17.d7 Re7 18.Nxf7 Be6 19.d8=Q+ Rxd8 20.Rxd8+ Kh7 21.Qh4 Rxf7 22.Rd6
Bf6 23.Qg3 {#r} 1-0

[Event "Ch Switzerland (open)"]
[Site "masterchessopen.com – Graechen (Switzerland)"]
[Round "3"]
[White "Sofrigin Alexej (RUS)"]
[Black "Mueller Werner (SUI)"]
[Result "0-1"]
[WhiteElo "2308"]
[BlackElo "2112"]

1.d4 Nf6 2.c4 g6 3.Nc3 d5 4.Nf3 Bg7 5.Qb3 dxc4 6.Qxc4 O-O 7.e4 Na6 8.Be3 c5
9.d5 e6 10.Be2 exd5 11.exd5 b5 12.Nxb5 Nxd5 13.Bg5 Qa5+ 14.Bd2 Nab4 15.Qxd5
Re8 16.Nd6 Rxe2+ 17.Kxe2 Qa6+ 18.Qc4 Qxd6 19.Qf4 Ba6+ 20.Kd1 Qd3 21.Ne1 Qe2+
22.Kc1 Nd3+ 23.Nxd3 Qxd3 24.Qe3 Rb8 25.Bc3 Bxc3 26.bxc3 Qb5 27.Qd2 Bc8 28.a4
Qb3 29.Qc2 Qc4 30.Re1 Bf5 31.Qd2 Qb3 32.Qa2 Qxc3+ 33.Kd1 Rd8+ {#R} 0-1

[Event "Memorial F.Pripis (cat.8)"]
[Site "masterchessopen.com – Moscow (Russia)"]
[Round "7"]
[White "Korotylev Alexey (RUS)"]
[Black "Vorobiov Evgeny E (RUS)"]
[Result "1-0"]
[WhiteElo "2480"]
[BlackElo "2459"]

1.d4 Nf6 2.c4 g6 3.Nc3 d5 4.Nf3 Bg7 5.Qb3 dxc4 6.Qxc4 O-O 7.e4 Na6 8.Be2 c5
9.d5 e6 10.O-O exd5 11.exd5 Re8 12.Be3 Bf5 13.Rad1 Nd7 14.d6 Nb4 15.Ng5 Qf6
16.a3 Rxe3 17.fxe3 Qxg5 18.axb4 Be6 19.Qe4 cxb4 20.Nd5 Nc5 21.Ne7+ Kf8 22.Qxb4
Qxe3+ 23.Kh1 a5 24.Qb6 Be5 25.d7 Kg7 26.d8=Q Rxd8 27.Qxd8 Qxe2 28.Rfe1 Qxb2
29.Qg8+ Kh6 30.Qf8+ Kg5 31.Ng8 Bd4 32.Qd8+ Bf6 33.Nxf6 {#r} 1-0

[Event "Ch Poland (team) (2nd liga)"]
[Site "masterchessopen.com – Polanica Zdroj (Poland)"]
[Round "3"]
[White "Miton Kamil (POL)"]
[Black "Kulesza Kamil (POL)"]
[Result "1-0"]
[WhiteElo "2401"]
[BlackElo "2120"]

1.d4 Nf6 2.Nf3 g6 3.c4 Bg7 4.Nc3 d5 5.Qb3 dxc4 6.Qxc4 O-O 7.e4 Na6 8.Be2 c5
9.d5 e6 10.O-O exd5 11.exd5 Ne8 12.Bg5 Qa5 13.Be7 Bf5 14.Bxf8 Kxf8 15.Rad1 Nd6
16.Qf4 Rd8 17.Bxa6 Qxa6 18.Qh4 Rd7 19.Ng5 h6 20.Nh7+ Kg8 21.Nf6+ Bxf6 22.Qxf6
Qc4 23.Rfe1 Qg4 24.h3 Qg5 25.Qxg5 hxg5 26.g4 b5 27.gxf5 gxf5 28.b3 Kg7 29.f3
c4 30.bxc4 bxc4 31.Rb1 {#r} 1-0

[Event "It (open)"]
[Site "masterchessopen.com – Stratton Mountain (USA)"]
[Round "8"]
[White "Shapiro Daniel E (USA)"]
[Black "Mirabile Tim (USA)"]
[Result "1-0"]
[WhiteElo "2280"]
[BlackElo "2257"]

1.d4 Nf6 2.c4 g6 3.Nc3 d5 4.Nf3 Bg7 5.Qb3 dxc4 6.Qxc4 O-O 7.e4 Na6 8.Be2 c5
9.d5 e6 10.O-O exd5 11.exd5 Nc7 12.Rd1 b6 13.Qh4 Nd7 14.Bg5 f6 15.d6 fxg5
16.Nxg5 Nf6 17.dxc7 Qe8 18.Rd8 Qe5 19.Bc4+ {#r} 1-0

[Event "It (open)"]
[Site "masterchessopen.com – Tampere (Finland)"]
[Round "3"]
[White "Heinimaki Leo (FIN)"]
[Black "Luukkonen Tommi (FIN)"]
[Result "0-1"]
[WhiteElo "2092"]
[BlackElo "2162"]

1.d4 Nf6 2.c4 g6 3.Nc3 d5 4.Qb3 dxc4 5.Qxc4 Bg7 6.e4 O-O 7.Nf3 Na6 8.Be2 c5
9.d5 e6 10.O-O exd5 11.exd5 Bf5 12.Bf4 Re8 13.Rfe1 Qb6 14.Qb5 Nb4 15.Rad1 Ne4
16.Qc4 Nxc3 17.bxc3 Re4 {#R} 0-1

[Event "It \"]
[Site "masterchessopen.com – Vienna (Austria)"]
[Round "0"]
[White "Arif Bayu (IND)"]
[Black "Certek Pavel (SVK)"]
[Result "0-1"]
[WhiteElo "2141"]
[BlackElo "2278"]

1.d4 Nf6 2.Nf3 g6 3.c4 Bg7 4.Nc3 d5 5.Qb3 dxc4 6.Qxc4 O-O 7.e4 Na6 8.Be2 c5
9.d5 e6 10.O-O exd5 11.exd5 Bf5 12.Bg5 h6 13.Be3 Re8 14.Rad1 Qb6 15.a3 Qxb2
16.Na4 Qxa3 17.Nxc5 Rxe3 18.fxe3 Qxe3+ 19.Kh1 Qxc5 20.Nd4 Bg4 {#R} 0-1

[Event "Cup Infotozsde"]
[Site "masterchessopen.com – Heves (Hungary)"]
[Date "1999.11.28"]
[Round "5"]
[White "Eberth Zoltan (HUN)"]
[Black "Blasko Istvan (HUN)"]
[Result "0-1"]
[WhiteElo "2270"]
[BlackElo "2221"]

1.d4 Nf6 2.c4 g6 3.Nc3 d5 4.Nf3 Bg7 5.Qb3 dxc4 6.Qxc4 O-O 7.e4 Na6 8.h3 c5
9.d5 e6 10.Be3 exd5 11.exd5 b6 12.O-O-O Nc7 13.d6 Ne6 14.Ne5 Bb7 15.f4 a6
16.a4 b5 17.axb5 axb5 18.Qxb5 Ra1+ 19.Nb1 Be4 20.Bd3 Bxg2 21.Rh2 Nd5 22.Nc6
Qxd6 23.Bc2 Bf3 24.Rhd2 Qxc6 25.Qxc6 Nb4 26.Qd5 Nxd5 27.Rxd5 Bxd1 28.Bxd1 Rb8
{#R} 0-1

[Event "It (cat.8)"]
[Site "masterchessopen.com – Alushta (Ukraine)"]
[Round "7"]
[White "Shalimov Valery (UKR)"]
[Black "Shishkin Vadim (UKR)"]
[Result "1-0"]
[WhiteElo "2406"]
[BlackElo "2415"]

1.d4 Nf6 2.Nf3 g6 3.c4 Bg7 4.Nc3 d5 5.Qb3 dxc4 6.Qxc4 O-O 7.e4 Na6 8.Be2 c5
9.d5 e6 10.O-O exd5 11.exd5 Bf5 12.Rd1 Qb6 13.Be3 Rac8 14.Rd2 Rfd8 15.Rad1 Ne8
16.d6 Rxd6 17.Ng5 Be6 18.Qh4 Rxd2 19.Qxh7+ Kf8 20.Rxd2 Nf6 21.Qh4 Bd7 22.Nce4
Nxe4 23.Rxd7 Nxg5 24.Qxg5 Kg8 25.Bc4 Rf8 26.Qe7 Bf6 27.Bxf7+ Kg7 28.Bh6+ Kxh6
29.Qxf6 {#r} 1-0

[Event "It (open)"]
[Site "masterchessopen.com – Biel (Switzerland)"]
[Round "1"]
[White "Carrasco Paul (USA)"]
[Black "Holzke Frank (GER)"]
[Result "0-1"]
[WhiteElo "2155"]
[BlackElo "2470"]

1.d4 Nf6 2.c4 g6 3.Nc3 d5 4.Nf3 Bg7 5.Qb3 dxc4 6.Qxc4 O-O 7.e4 Na6 8.Be3 c5
9.Be2 Ng4 10.O-O cxd4 11.Bxd4 e5 12.Bc5 Be6 13.Nd5 Bxd5 14.exd5 Nxc5 15.Qxc5
e4 16.Nd2 Qh4 17.Bxg4 Qxg4 18.Rfe1 Rac8 19.Qxa7 f5 20.Rac1 Rxc1 21.Rxc1 Bh6
22.f3 exf3 23.Qf2 Be3 {#R} 0-1

[Event "It (open) \"]
[Site "masterchessopen.com – Budapest (Hungary)"]
[Round "3"]
[White "Jamrich Gyorgy (HUN)"]
[Black "Ni Hua (CHN)"]
[Result "0-1"]
[WhiteElo "2225"]
[BlackElo "2490"]

1.d4 Nf6 2.c4 g6 3.Nc3 d5 4.Nf3 Bg7 5.Qb3 dxc4 6.Qxc4 O-O 7.e4 Na6 8.Be2 c5
9.d5 e6 10.O-O exd5 11.exd5 Bf5 12.Be3 Qb6 13.Nh4 Bd7 14.a3 Rfe8 15.b4 Rxe3
16.fxe3 cxb4 17.Nd1 Nxd5 18.Rb1 Be6 19.Qc1 Rc8 20.Qd2 Nc3 21.Nxc3 Bxc3 22.Qd3
Nc5 23.Qc2 Nb3 24.Rxb3 Qxe3+ 25.Kh1 Bxb3 26.Qxb3 Qxe2 27.Qxf7+ Kh8 28.axb4 g5
29.Qf5 Re8 30.Qf3 Qxf1+ 31.Qxf1 gxh4 {#R} 0-1

[Event "Tournament \"]
[Site "masterchessopen.com – Buenos Aires (Argentina)"]
[Round "4"]
[White "Suarez Jose Luis (ARG)"]
[Black "Echeguren Gustavo (ARG)"]
[Result "1-0"]
[WhiteElo "2237"]
[BlackElo "2104"]

1.d4 Nf6 2.c4 g6 3.Nc3 d5 4.Nf3 Bg7 5.Qb3 dxc4 6.Qxc4 O-O 7.e4 Na6 8.Be2 c5
9.d5 e6 10.O-O exd5 11.exd5 Bf5 12.Bg5 Qb6 13.Na4 Qb4 14.Rac1 Rac8 15.a3 Qa5
16.Nc3 Rfe8 17.Bd3 Bxd3 18.Qxd3 c4 19.Qd2 Nc5 20.d6 Rcd8 21.Bxf6 Bxf6 22.Ne4
{#r} 1-0

[Event "It (open)"]
[Site "masterchessopen.com – Calcutta (India)"]
[Round "5"]
[White "Najdoski Toni (MKD)"]
[Black "Konguvel Ponnuswamy (IND)"]
[Result "0-1"]
[WhiteElo "2492"]
[BlackElo "2377"]

1.d4 Nf6 2.c4 g6 3.Nc3 d5 4.Nf3 Bg7 5.Qb3 dxc4 6.Qxc4 O-O 7.e4 Na6 8.Be2 c5
9.d5 e6 10.O-O exd5 11.exd5 Bf5 12.Bf4 Nd7 13.Qb3 Nb6 14.Rfd1 Nb4 15.Rd2 Nd3
16.Bxd3 Bxd3 17.Qd1 Bf5 18.Be5 Bh6 19.Re2 Nc4 20.Ne4 Nxe5 21.Nxe5 Re8 22.Nc3
Bf4 23.Nd3 Bd6 24.Rxe8+ Qxe8 25.Ne1 b5 26.Nf3 b4 27.Ne2 Bg4 28.Ng3 Rd8 29.h3
Bc8 30.b3 Bb7 31.Rc1 Bxg3 32.fxg3 Bxd5 33.Kh2 c4 34.bxc4 {#R} 0-1

[Event "It (open)"]
[Site "masterchessopen.com – Cappelle la Grande (France)"]
[Round "4"]
[White "Kazhgaleyev Murtas (KAZ)"]
[Black "Skytte Rasmus (DEN)"]
[Result "1-0"]
[WhiteElo "2526"]
[BlackElo "2323"]

1.d4 Nf6 2.c4 g6 3.Nc3 d5 4.Nf3 Bg7 5.Qb3 dxc4 6.Qxc4 O-O 7.e4 Na6 8.Be2 c5
9.d5 e6 10.O-O exd5 11.exd5 Bf5 12.Bf4 Qb6 13.Be5 Rfe8 14.d6 Qxb2 15.Rab1 Bxb1
16.Rxb1 b5 17.Qxb5 Qxb5 18.Bxb5 Red8 19.Bxa6 Ne8 20.Bb7 Bxe5 21.Nxe5 Rab8
22.Nc6 Rxb7 23.Rxb7 Rxd6 24.Nxa7 {#r} 1-0

[Event "It (open)"]
[Site "masterchessopen.com – Cartagena (Colombia)"]
[Round "3"]
[White "Zabaleta Libardo (COL)"]
[Black "Garcia Eduardo (COL)"]
[Result "0-1"]
[WhiteElo "2131"]
[BlackElo "2283"]

1.d4 Nf6 2.Nf3 g6 3.c4 Bg7 4.Nc3 d5 5.Qb3 dxc4 6.Qxc4 O-O 7.e4 Na6 8.Be2 c5
9.d5 e6 10.O-O exd5 11.exd5 h6 12.Be3 Bf5 13.Rad1 Ne8 14.Bxc5 Rc8 15.Bxf8 Rxc4
16.Bxg7 Rb4 17.Bxh6 Rxb2 18.Nd4 Nd6 19.Bc1 Rb6 20.Be3 Rb2 21.Nxf5 Nxf5 22.Bxa6
bxa6 23.Bf4 Rb4 24.Bd2 Nh4 25.h3 Qd7 26.Rfe1 Rc4 27.Ne4 Qf5 28.Nd6 Qxd5
29.Re8+ Kh7 30.Rh8+ Kxh8 31.Bc3+ Rd4 {#R} 0-1

[Event "It (open) \"]
[Site "masterchessopen.com – Copenhagen (Denmark)"]
[Round "10"]
[White "Carstensen Jacob (DEN)"]
[Black "Eriksson Johan (SWE)"]
[Result "1-0"]
[WhiteElo "2254"]
[BlackElo "2369"]

1.d4 Nf6 2.c4 g6 3.Nc3 d5 4.Nf3 Bg7 5.Qb3 dxc4 6.Qxc4 O-O 7.e4 Na6 8.Qb3 c5
9.d5 e6 10.Be2 exd5 11.exd5 Nb4 12.O-O Nbxd5 13.Nxd5 Qxd5 14.Bc4 Qf5 15.Re1
Nd7 16.Bd3 Qf6 17.Rb1 h6 18.Bd2 Qd6 19.Rbd1 Qb6 20.Qc4 Qc6 21.Be4 Nb6 22.Qc1
Qb5 23.Bxh6 Bxh6 24.Qxh6 Qxb2 25.Rd4 Re8 26.Bxg6 Rxe1+ 27.Nxe1 Be6 28.Bh7+ Kh8
29.Bf5+ {#r} 1-0

[Event "Cup Tenkes (open)"]
[Site "masterchessopen.com – Harkany (Hungary)"]
[Round "1"]
[White "Farago Ivan (HUN)"]
[Black "Kaposztas Miklos (HUN)"]
[Result "1-0"]
[WhiteElo "2486"]
[BlackElo "2219"]

1.d4 Nf6 2.Nf3 g6 3.c4 Bg7 4.Nc3 d5 5.Qb3 dxc4 6.Qxc4 O-O 7.e4 Na6 8.Be2 c5
9.d5 e6 10.O-O exd5 11.exd5 Bf5 12.Be3 Re8 13.Rad1 Ne4 14.Nxe4 Rxe4 15.Qc1 Qb6
16.b3 Rae8 17.Bd3 Rxe3 18.fxe3 Bh6 19.Qc4 Bxe3+ 20.Kh1 Bd7 21.Rfe1 Qd6 22.Qc3
Bh6 23.Rxe8+ Bxe8 24.Bxa6 bxa6 25.Qe5 Qd8 26.d6 Qc8 27.Qe7 Bf8 28.d7 {#r} 1-0

[Event "Cup Yugoslavia"]
[Site "masterchessopen.com – Herceg Novi (Montenegro)"]
[Round "1"]
[White "Ivanisevic Ivan (SRB)"]
[Black "Benderac Srdjan (MNE)"]
[Result "1-0"]
[WhiteElo "2530"]
[BlackElo "2351"]

1.d4 Nf6 2.c4 g6 3.Nc3 d5 4.Nf3 Bg7 5.Qb3 dxc4 6.Qxc4 O-O 7.e4 Na6 8.Be2 c5
9.d5 e6 10.O-O exd5 11.exd5 Bf5 12.Be3 Re8 13.Rad1 Qb6 14.b3 Rxe3 15.fxe3 Ng4
16.Na4 Qd8 17.e4 Ne3 18.Qc1 Nxd1 19.exf5 b5 20.Bxb5 {#r} 1-0

[Event "It (open) (a)"]
[Site "masterchessopen.com – Voronezh (Russia)"]
[Round "2"]
[White "Arakelov Ilya (RUS)"]
[Black "Shipilov Andrey (RUS)"]
[Result "1-0"]
[WhiteElo "2347"]
[BlackElo "2180"]

1.d4 Nf6 2.c4 g6 3.Nc3 d5 4.Nf3 Bg7 5.Qb3 dxc4 6.Qxc4 O-O 7.e4 Na6 8.Be2 c5
9.d5 e6 10.O-O exd5 11.exd5 Bf5 12.Bf4 Re8 13.Rad1 Ne4 14.Nb5 g5 15.Be3 g4
16.Nd2 Qh4 17.Nxe4 Rxe4 18.Qc1 Be5 19.g3 Qh3 20.Rfe1 Re8 21.Bf1 Qh5 22.Nc3 Rb4
23.Bxa6 bxa6 24.Bxc5 Rc4 25.Bd4 Rxd4 26.Rxd4 f6 27.Qe3 Bg6 28.Rdd1 Qh3 29.Qxa7
f5 30.Ne2 {#r} 1-0

[Event "It (open)"]
[Site "masterchessopen.com – Miskolc (Hungary)"]
[Date "2000.06.25"]
[Round "9"]
[White "Hegedus Gyorgy (HUN)"]
[Black "Varadi Viktor (HUN)"]
[Result "0-1"]
[WhiteElo "2161"]
[BlackElo "2288"]

1.d4 Nf6 2.Nf3 g6 3.c4 Bg7 4.Nc3 d5 5.Qb3 dxc4 6.Qxc4 O-O 7.e4 Na6 8.Be2 c5
9.d5 e6 10.O-O exd5 11.exd5 Bf5 12.Bf4 Re8 13.Rfd1 Ne4 14.Bd3 Nxc3 15.bxc3 Bd7
16.a4 Qa5 17.Ra3 b5 18.Qa2 b4 19.cxb4 cxb4 20.Bd2 Nc5 21.Qc4 Rab8 22.Rb1 Nxd3
23.Rxd3 Bf5 24.Rxb4 Rxb4 {#R} 0-1

[Event "Ch Belgium (team) 2000/01"]
[Site "masterchessopen.com – Belgium"]
[Round "8"]
[White "Bertrem Stijn (BEL)"]
[Black "Coenen Norbert (GER)"]
[Result "0-1"]
[WhiteElo "2223"]
[BlackElo "2418"]

1.d4 Nf6 2.c4 g6 3.Nc3 d5 4.Nf3 Bg7 5.Qb3 dxc4 6.Qxc4 O-O 7.e4 Na6 8.Be2 c5
9.d5 e6 10.O-O exd5 11.exd5 Re8 12.Be3 Bf5 13.Rfd1 Ne4 14.Qb3 Rc8 15.Rac1 Nd6
16.Nb5 Re4 17.Nxd6 Qxd6 18.Qxb7 Ra4 19.Bxa6 Qxa6 20.Qxa6 Rxa6 21.b3 Rxa2
22.Rxc5 Rd8 23.Nd2 Bf8 24.Bg5 Bxc5 25.Bxd8 Bg4 26.Nf3 Rxf2 {#R} 0-1

[Event "Ch American Continent"]
[Site "masterchessopen.com – Cali (Colombia)"]
[Round "11"]
[White "Hoffman Alejandro (ARG)"]
[Black "Ricardi Pablo (ARG)"]
[Result "1-0"]
[WhiteElo "2506"]
[BlackElo "2538"]

1.d4 Nf6 2.Nf3 g6 3.c4 Bg7 4.Nc3 d5 5.Qb3 dxc4 6.Qxc4 O-O 7.e4 Na6 8.Be2 c5
9.d5 e6 10.O-O exd5 11.exd5 Bf5 12.Rd1 Qb6 13.Qh4 Rae8 14.Bb5 Rd8 15.a4 Bg4
16.Bg5 Bxf3 17.gxf3 h6 18.Bxh6 Bxh6 19.Qxh6 Nc7 20.a5 Qd6 21.Ra4 Qe5 22.Rh4
Nh5 23.Bc4 Qg7 24.Qg5 Rde8 25.Re4 Kh7 26.d6 Ne6 27.Bxe6 fxe6 28.d7 Rd8 29.Rxe6
Nf4 30.Qh4+ Kg8 31.Re7 Qh8 32.Qxh8+ Kxh8 33.Na4 {#r} 1-0

[Event "It (open)"]
[Site "masterchessopen.com – Dortmund (Germany)"]
[Round "1"]
[White "Henrich Thomas (GER)"]
[Black "Sand Rolf Dr (GER)"]
[Result "1-0"]
[WhiteElo "2146"]
[BlackElo "2084"]

1.d4 Nf6 2.c4 g6 3.Nc3 d5 4.Nf3 Bg7 5.Qb3 dxc4 6.Qxc4 O-O 7.e4 Na6 8.Be2 c5
9.d5 e6 10.O-O exd5 11.exd5 Bf5 12.Be3 Re8 13.Rad1 Ne4 14.d6 Nxc3 15.bxc3 Qd7
16.Qb3 Be6 17.Qb2 c4 18.Ng5 Rac8 19.Nxe6 Rxe6 20.Bg4 f5 21.Bf3 Rxd6 22.Rxd6
Qxd6 23.Rd1 Qc7 24.Bxb7 Rd8 25.Rxd8+ Qxd8 26.Qe2 Nc7 27.Qxc4+ Kh8 28.g3 Ne8
29.Bf3 {#r} 1-0

[Event "It (open)"]
[Site "masterchessopen.com – Saint-Quentin (France)"]
[Round "6"]
[White "Leroy Didier (FRA)"]
[Black "Glod Philippe (FRA)"]
[Result "1-0"]
[WhiteElo "2369"]
[BlackElo "2178"]

1.d4 Nf6 2.c4 g6 3.Nc3 d5 4.Nf3 Bg7 5.Qb3 dxc4 6.Qxc4 O-O 7.e4 Na6 8.Be2 c5
9.d5 e6 10.O-O exd5 11.exd5 Bf5 12.Bf4 Qb6 13.a3 Rad8 14.Nd2 Bd7 15.Qa2 Ng4
16.h3 Ne5 17.Bg3 g5 18.Rad1 Qg6 19.Qb3 Bc8 20.Rfe1 Nb8 21.Bb5 Nbd7 22.Bxd7
Nxd7 23.Nc4 Rfe8 24.Rxe8+ Rxe8 25.Nd6 Rf8 26.Nxc8 Rxc8 27.Qxb7 Nb6 28.Bc7 Bxc3
29.bxc3 Qc2 30.Rf1 Qf5 31.Bxb6 axb6 32.d6 Qe6 33.Qxb6 Rd8 {#r} 1-0

[Event "Ch Slovakia (team) 2000/01 (1 liga) West"]
[Site "masterchessopen.com – Slovakia"]
[Round "8"]
[White "Behul Bohus (SVK)"]
[Black "Dudas Jan (SVK)"]
[Result "0-1"]
[WhiteElo "2183"]
[BlackElo "2315"]

1.d4 Nf6 2.c4 g6 3.Nc3 d5 4.Nf3 Bg7 5.Qb3 dxc4 6.Qxc4 O-O 7.e4 Na6 8.Qb3 c5
9.d5 e6 10.Bxa6 bxa6 11.O-O exd5 12.exd5 Re8 13.Be3 Bg4 14.Nd2 Rb8 15.Qc4 Rxb2
16.Nb3 Rc2 17.Nxc5 Be2 18.Qb3 Rxc3 19.Qxc3 Nxd5 20.Qd2 Bxf1 21.Rxf1 Nxe3
22.Qxd8 Rxd8 23.fxe3 Rd2 24.Rf2 Rd1+ 25.Rf1 Rd5 26.Nb3 a5 27.Rf4 Bh6 28.Re4 f5
29.Re7 Bg5 30.Rc7 a4 {#R} 0-1